000 00497nam a2200181Ia 4500
999 _c34555
_d34555
003 OSt
005 20200824113609.0
008 190216s9999||||xx |||||||||||||| ||und||
020 _a9788126522835
040 _coclc
082 _a530.41
_bRAJ/A
100 _aRajnikant
_94305
245 0 _aApplied Solid State Physics /
_cRajnikant
260 _bWiley India,
_c2011.
_aNew Delhi:
300 _a520p
650 _aPhysics
942 _cBK
_2ddc
_h530.41
_iRAJ/A
_k530.41
_mRAJ/A